Post-traumatic stress disorder in children / (Record no. 660)

MARC details
000 -LEADER
fixed length control field 01530nam a2200337 a 4500
005 - DATE AND TIME OF LATEST TRANSACTION
control field 20260322212029.0
008 - FIXED-LENGTH DATA ELEMENTS--GENERAL INFORMATION
fixed length control field data
010 ## - LIBRARY OF CONGRESS CONTROL NUMBER
LC control number 85015762
020 ## - INTERNATIONAL STANDARD BOOK NUMBER
International Standard Book Number 088048067X (alk. paper) :
Terms of availability {dollar}15.95
020 ## - INTERNATIONAL STANDARD BOOK NUMBER
International Standard Book Number 9780880480673 (alk. paper) :
Terms of availability {dollar}15.95
040 ## - CATALOGING SOURCE
Original cataloging agency DNLM/DLC
Transcribing agency DLC
Modifying agency CStRLIN
050 1# - LIBRARY OF CONGRESS CALL NUMBER
Classification number RJ506.P55
Item number P67 1985
060 ## - NATIONAL LIBRARY OF MEDICINE CALL NUMBER
Classification number WS 350.6 P8576 1984
096 ## - LOCALLY ASSIGNED NLM-TYPE CALL NUMBER (OCLC)
Classification number WS 350.6 P857b 1984
001 - CONTROL NUMBER
control field data
245 00 - TITLE STATEMENT
Title Post-traumatic stress disorder in children /
Statement of responsibility, etc. edited by Spencer Eth, Robert S. Pynoos & American Psychiatric Association.
260 0# - PUBLICATION, DISTRIBUTION, ETC.
Place of publication, distribution, etc. Washington, DC :
Name of publisher, distributor, etc. American Psychiatric Press,
Date of publication, distribution, etc. c1985.
300 ## - PHYSICAL DESCRIPTION
Extent xvi, 186 p. :
Other physical details ill. ;
Dimensions 23 cm.
490 1# - SERIES STATEMENT
Series statement The Progress in psychiatry series
500 ## - GENERAL NOTE
General note Chapters originally presented at the 137th Annual Meeting of the American Psychiatric Association in Los Angeles in May 1984.
504 ## - BIBLIOGRAPHY, ETC. NOTE
Bibliography, etc. note Includes bibliographical references.
590 ## - LOCAL NOTE (RLIN)
Local note Chapters originally presented at the 137th Annual Meeting of the American Psychiatric Association in Los Angeles in May 1984.
590 ## - LOCAL NOTE (RLIN)
Local note Includes bibliographies.
650 #0 - SUBJECT ADDED ENTRY--TOPICAL TERM
Topical term or geographic name entry element Post-traumatic stress disorder in children
Form subdivision Congresses.
650 #2 - SUBJECT ADDED ENTRY--TOPICAL TERM
Topical term or geographic name entry element Stress Disorders, Post-Traumatic
General subdivision in infancy & childhood
Form subdivision Congresses.
700 1# - ADDED ENTRY--PERSONAL NAME
Personal name Eth, Spencer,
Dates associated with a name 1950-
700 1# - ADDED ENTRY--PERSONAL NAME
Personal name Pynoos, Robert S.,
Dates associated with a name 1947-
710 2# - ADDED ENTRY--CORPORATE NAME
Corporate name or jurisdiction name as entry element American Psychiatric Association.
Date of meeting or treaty signing 1984 :
Subordinate unit Meeting
Number of part/section/meeting (137th :
Location of meeting Los Angeles, Calif.)
740 01 - ADDED ENTRY--UNCONTROLLED RELATED/ANALYTICAL TITLE
Uncontrolled related/analytical title Posttraumatic stress disorder in children.
830 #0 - SERIES ADDED ENTRY--UNIFORM TITLE
Uniform title Progress in psychiatry series.
Holdings
Withdrawn status Lost status Damaged status Not for loan Home library Current library Shelving location Date acquired Total checkouts Full call number Barcode Date last seen Price effective from Koha item type
        Franklin Franklin General stacks 22/03/2026   RJ506.P55 P67 1985 BC0010677 22/03/2026 22/03/2026 Books